000 00676nam a2200205Ia 4500
003 GCL
008 140319s9999 xx 000 0 ara d
020 _a3455101977
040 _aGCL /
_cGCL
082 0 4 _a791.4253
_bم ف
100 1 _aمحمود سامى عطااللة
245 1 0 _aالفيلم التسجيلى /
_cمحمود سامى عطااللة
250 _aالاولى
260 _aالقاهرة :
_bالهيئة المصرية العامة للكتاب ،
_c1995
300 _a115 ص ؛
_c20 سم
490 _aالالف كتاب الثانى
_v188
650 0 4 _aالتليفزيون
650 0 4 _aالافلام التسجيلية
942 _2ddc
_cBK
999 _c44673
_d44673